| 000 | 00435nam a22001817a 4500 | ||
|---|---|---|---|
| 003 | CEME | ||
| 005 | 20210628210722.0 | ||
| 008 | 210201b xxu||||| |||| 00| 0 eng d | ||
| 020 | _a969-516-067-0 | ||
| 040 | _c. | ||
| 082 | _a823.909 QAI | ||
| 100 |
_aQaisra Shahraz _980681 |
||
| 245 | _aThe holy woman | ||
| 260 |
_aISLAMABAD _bALHAMRA _c2002 |
||
| 300 | _a484P | ||
| 650 |
_aENGLISH LITERARURE-NOVEL _956787 |
||
| 942 |
_cBK _2ddc |
||
| 999 |
_c585580 _d585580 |
||